000 02370nam a2200421 c 4500
003 BLK
005 20180420235639.0
008 180411b bul|||||r ||||||| ||bul||
010 _aKNG00184350000
040 _aBLK
041 _aBUL
_cBUL
072 7 _2bullib
_aН50
_xЕстествени науки. Математика и др. Н
080 _aРезервати и други защитени територии (в цялост) и тяхната организация - Геологически, географски и ландшафтни резервати вж 502.6 ; Резервати на живата природа вж 502.7; Ловни територии вж 639.1
_b502.4
_x(497.2-18)
_z502.4(497.2-18)
080 _aПрирода и общество. Опазване на природата(в цялост) - Социални, законодателни и административни аспекти на опазване на природата, организация и мерки по възстановяване и спасяване на природата и др.
_b502.3
_x(497.2-18)
_z502.3(497.2-18)
110 1 _aРегионална инспекция по околната среда и водите. Русе
_9340295
139 _aСребърна хармония
_bС 60
245 1 0 _aСребърна хармония
257 _aBGR
260 Русе
_bРИОСВ
_c2014
300 _a64 с.
_bс цв. сн., к.
_c23 см
_e1 CD
380 _a5
500 _aИзд. на Регионална инспекция по околната среда и водите - Русе. - Прил. със същото загл. и сигн. CD 4047.
650 4 _aРезервати - България
_9246293
650 4 _aПрирода - България - защита
_9243220
650 4 _aОколна среда - България - опазване
_9243221
651 4 _aСребърна
_9179579
651 4 _aБългария
_9241624
653 _aСребърна
653 _aрезервати
653 _aприродни забележителности
653 _aзащитени местности
659 _aН
852 _aЦб 277780
856 4 _qpdf
_u
856 4 _qpdf
_u
942 _cKNG
_n0
944 _aCR
_c30.10.2015
_lф /
_kВиолета_Тройчева
944 _aED
_c25.11.2015
_lф /
_kЛюдмила_Стоянова
999 _c175756
_d175756